000 00506nam a22002297a 4500
003 UA-OsUOA
001 52484
007 ta
008 20080218b un ||||| |||| 00| 0 ukr d
100 _aДіяк І.
700 _aКоваль В.
090 _a32
_bД-12
942 _cSA
040 _aUA-OsUOA
_bukr
_cUA-OsUOA
_dUA-OsUOA
245 _aСєверодонецьк-2
300 _aС.4-5
955 _a0
041 _aukr
080 _a32
773 0 _w52483
650 7 _a32 Політика
_2UDC
999 _c338575
_d338575